000 00434nam a2200181Ia 4500
005 20240823005116.0
008 240823s9999||||xx |||||||||||||| ||und||
041 _aENGLISH
082 _A620.1074 N6
100 _aSomasundaram S L
245 0 _aGas Dynamics and Jet Propulsion
250 _a1st
260 _c1996
_b"New Age,New Delhi"
500 _aYES
650 _aGas Dynamics
_bMechanical
942 _cBK
999 _c154770
_d154770